000 00434nam a22001697a 4500
005 20180717142426.0
008 160525b xxu||||| |||| 00| 0 eng d
020 _a81-219-2344-1
041 _aeng
082 _b4882
_a658.1511
100 _aSrinivasan, N, P, and others
_91237
245 _aAccounting for Management
260 _aNew Delhi
_bAcademic Faundation
_c2009
300 _a710
650 _aManagement
_9241
942 _cBK
999 _c1700
_d1699